| 000 | 00898nam a22002177a 4500 | ||
|---|---|---|---|
| 001 | 00260 | ||
| 003 | DO-SdBNP | ||
| 005 | 20151203101220.0 | ||
| 008 | 151203b 1996 dr xxu||||| |||| 00| 0 spa d | ||
| 040 |
_aBPMSU _bspa _cBPMSU |
||
| 092 |
_axxxxx _bxxxxx |
||
| 110 | 2 |
_bRepública Dominicana. _cSecretaría de Estado de Educación, Bellas Artes y Cultos. |
|
| 245 | 0 | 0 |
_aLibros de texto del nuevo curriculum : criterios, contenidos generales y especificiones técnicas para su elaboración y evaluación : _b criterios, contenidos generales y especificiones técnicas para su elaboración y evaluación / _cSEEBAC-BIB. |
| 260 |
_aSanto Domingo : _bSEEBAC-BIB, _c1996. |
||
| 300 |
_a214 p. : _c23 cm. |
||
| 490 | 1 | _aFortalecimiento Institucional, nivel básico | |
| 830 | 0 | _aFortalecimiento Institucional, nivel básico | |
| 910 | _a00260 | ||
| 942 |
_2ddc _cBK |
||
| 956 |
_aLorenza Pérez _b10 |
||
| 999 |
_c8994 _d8994 |
||